000 00995cam a2200313Ia 4500
001 94799
005 20230411090052.0
008 041028s2002 sp rbg 000 0 spa d
035 _a(OCoLC)ocm56836342
040 _aMXADN
_bspa
_cMXADN
_dOCLCQ
020 _a8429462287
020 _a9788429462289
035 _a(OCoLC)56836342
082 0 4 _a374.4
_bM4239a
090 _aLB1051
_b.A7 2002
049 _aGRAL
245 0 3 _aEl aprendizaje estratégico :
_benseñar a aprender desde el currículo /
_ccoordinadores, Juan Ignacio Pozo, Carles Monereo.
246 3 0 _aEnseñar a aprender desde el currículo
260 _aEspaña :
_bEditorial Aula XII :
_bSantillana,
_c2002.
300 _a404 p. ;
_c24 cm.
440 0 _aAula XXI/Santilla ;
_v70
504 _aBibliografía: p. 375-398.
650 4 _aPsicología del aprendizaje.
650 4 _aEnseñanza
_xpsicopedagogía.
700 1 _aPozo, Juan Ignacio.
700 1 _aMonereo, Carles.
942 _2lcc
_cbk
994 _aC0
_bDRFGD
999 _c111944
_d111944